Kỹ thuật chế biến món ăn với cà chua

Enregistré dans:
Détails bibliographiques
Auteur principal: THIÊN NGA
Format: Livre
Langue:Undetermined
Publié: H. VHTT 2002
Sujets:
Tags: Ajouter un tag
Pas de tags, Soyez le premier à ajouter un tag!
Thư viện lưu trữ: Trung tâm Học liệu Trường Đại học Cần Thơ
LEADER 00455nam a2200169Ia 4500
001 CTU_50057
008 210402s9999 xx 000 0 und d
082 |a 641 
082 |b K600 
100 |a THIÊN NGA 
245 0 |a Kỹ thuật chế biến món ăn với cà chua 
245 0 |c THIÊN NGA 
260 |a H. 
260 |b VHTT 
260 |c 2002 
650 |a cookery, vietnamese 
980 |a Trung tâm Học liệu Trường Đại học Cần Thơ